| 000 | 00538nam a22001817a 4500 | ||
|---|---|---|---|
| 008 | 120621s2010 xxu||||| |||| 00| 0 eng d | ||
| 020 | _a8131205924 | ||
| 020 | _a9788131205921 | ||
| 082 |
_222 _a612 _bKHU |
||
| 100 |
_912077 _aKhurana, Indu |
||
| 245 |
_aText Book OF Human Physiology For Dental Students / _bIndu Khurana |
||
| 260 |
_aIndia: _bElsevier, _c2010. |
||
| 300 |
_a786 P: _bill _c28cm. |
||
| 500 | _aIncludes index. | ||
| 650 |
_aHuman Physiology Dental Students _930190 |
||
| 653 |
_bDent _cSeptember2012 |
||
| 942 |
_2ddc _cDN |
||
| 999 |
_c17007 _d16979 |
||